Neapolitanische Novellen / (Record no. 5079)

MARC details
000 -LEADER
fixed length control field 00807cam a22002411a 4500
001 - CONTROL NUMBER
control field af 48002547
003 - CONTROL NUMBER IDENTIFIER
control field DLC
005 - DATE AND TIME OF LATEST TRANSACTION
control field 20260227110856.0
008 - FIXED-LENGTH DATA ELEMENTS--GENERAL INFORMATION
fixed length control field 930405s1946 gw 000 0 ger c
010 ## - LIBRARY OF CONGRESS CONTROL NUMBER
LC control number af 48002547
035 ## - SYSTEM CONTROL NUMBER
System control number (OCoLC)27856119
040 ## - CATALOGING SOURCE
Original cataloging agency Illinois. Univ. Library
Transcribing agency DeU
Modifying agency DeU
-- DLC
041 1# - LANGUAGE CODE
Language code of text/sound track or separate title ger
Language code of original itafre
050 00 - LIBRARY OF CONGRESS CALL NUMBER
Classification number PQ2366.M425
Item number N64
100 1# - MAIN ENTRY--PERSONAL NAME
Personal name Monnier, Marc,
Dates associated with a name 1827-1885.
240 10 - UNIFORM TITLE
Uniform title Nouvelles napolitaines.
Language of a work German
245 10 - TITLE STATEMENT
Title Neapolitanische Novellen /
Statement of responsibility, etc. Marc Monnier : [Übersetzung aus dem Italienischen von Doris Pake]
260 ## - PUBLICATION, DISTRIBUTION, ETC.
Place of publication, distribution, etc. Reinbek bei Hamburg :
Name of publisher, distributor, etc. Parus-Verlag,
Date of publication, distribution, etc. c1946.
300 ## - PHYSICAL DESCRIPTION
Extent 239 p. ;
Dimensions 19 cm.
500 ## - GENERAL NOTE
General note Originally published in French: Paris : A. Lemerre, 1879.
505 0# - FORMATTED CONTENTS NOTE
Formatted contents note Donna Grazia -- Carmela -- Miss Orkan.
700 1# - ADDED ENTRY--PERSONAL NAME
Personal name Pake, Doris.

No items available.

Powered by Koha